000 00591nam a2200181Ia 4500
008 240729s9999 xx 000 0 und d
022 _a2543-1471
245 0 _aJournal of the Indian Academy of Echocardiography & Cardiovascular Imaging
260 _aIndia
260 _bWolters Kluwer Medknow Publications
650 _a Diseases of the circulatory (Cardiovascular) system
650 _a Internal medicine
650 _a Specialties of internal medicine
650 _aMedicine
856 _uhttps://doaj.org/toc/ce0df10bfb0d495cb20afc0cd8a24fbd
942 _2ddc
942 _cDOAJEJ
999 _c66478
_d66478
945 _a1
_bMadushi Gamage
_c1
_dMadushi Gamage